| 000 | 00471 a2200193 4500 | ||
|---|---|---|---|
| 005 | 20260417120016.0 | ||
| 008 | 260416b |||||||| |||| 00| 0 eng d | ||
| 020 |
_a9789392003745 _cRs. 795.00 |
||
| 040 | _aMAIN | ||
| 082 |
_a070.1068 _bS23M |
||
| 100 | _aSharma, Abhishika | ||
| 245 | _aMedia management | ||
| 260 |
_bK K Publications _c2024 _aNew Delhi |
||
| 300 | _a197 | ||
| 650 | _aJournalism | ||
| 650 | _aMass Media | ||
| 700 | _aVerma, Amit | ||
| 942 | _cBK | ||
| 999 |
_c397244 _d397244 |
||